LEADER 04197nam 2200457 450 001 996418316903316 005 20210330150547.0 010 $a3-030-64330-1 024 7 $a10.1007/978-3-030-64330-0 035 $a(CKB)4100000011665220 035 $a(DE-He213)978-3-030-64330-0 035 $a(MiAaPQ)EBC6426759 035 $a(PPN)252514483 035 $a(EXLCZ)994100000011665220 100 $a20210330d2020 uy 0 101 0 $aeng 135 $aurnn|008mamaa 181 $ctxt$2rdacontent 182 $cc$2rdamedia 183 $acr$2rdacarrier 200 00$aComputer security $eESORICS 2020 International Workshops, CyberICPS, SECPRE, and ADIoT, Guildford, UK, September 14-18, 2020, revised selected papers /$fSokratis Katsikas [and nine others] (editors) 205 $a1st ed. 2020. 210 1$aCham, Switzerland :$cSpringer,$d[2020] 210 4$d©2020 215 $a1 online resource (XVIII, 265 p. 75 illus., 50 illus. in color.) 225 1 $aSecurity and Cryptology ;$v12501 311 $a3-030-64329-8 327 $aCyberICPS Workshop -- Integrated Analysis of Safety and Security Hazards in Automotive Systems -- Attack Path Analysis for Cyber-Physical Systems -- Identifying and Analyzing Implicit Interactions in a Wastewater Dechlorination System -- A Survey of Cryptography-Based Authentication for Smart Grid Communication -- Cybersecurity Awareness Platform with Virtual Coach and Automated Challenge Assessment -- IoT Vulnerability Scanning: A State of the Art -- Learning from Vulnerabilities - Categorising, Understanding and Detecting Weaknesses in Industrial Control Systems -- Self Adaptive Privacy in Cloud Computing Environments: Identifying the major socio-technical concepts -- SECPRE Workshop -- Definition and Verification of Security Configurations of Cyber-Physical Systems -- GDPR Compliance: Proposed Guidelines for Cloud-based Health Organizations -- Aligning the Concepts of Risk, Security and Privacy towards the design of Secure Intelligent Transport Systems -- Identifying Implicit Vulnerabilities through Personas as Goal Models -- ADIoT Workshop -- Cooperative Speed Estimation of an RF Jammerin Wireless Vehicular Networks -- Extended Abstract: Towards Physical-LayerAuthentication for Backscatter Devices -- P2Onto: Making Privacy Policies Transparent -- Extended Abstract - Transformers: Intrusion Detection Data In Disguise. 330 $aThis book constitutes the refereed post-conference proceedings of the 6th International Workshop on Security of Industrial Control Systems and Cyber-Physical Systems, CyberICPS 2020, the Second International Workshop on Security and Privacy Requirements Engineering, SECPRE 2020, and the Third International Workshop on Attacks and Defenses for Internet-of-Things, ADIoT 2020, held in Guildford, UK, in September 2020 in conjunction with the 25th European Symposium on Research in Computer Security, ESORICS 2020. Due to COVID-19 pandemic the conference was held virtually The CyberICPS Workshop received 21 submissions from which 5 full papers were selected for presentation. They cover topics related to threats, vulnerabilities and risks that cyber-physical systems and industrial control systems face; cyberattacks that may be launched against such systems; and ways of detecting and responding to such attacks. From the SECPRE Workshop 4 full papers out of 7 submissions are included. The selected papers deal with aspects of security and privacy requirements assurance and evaluation; and security requirements elicitation and modelling and to GDPR compliance. From the ADIoT Workshop 2 full papers and 2 short papers out of 12 submissions are included. The papers focus on IoT attacks and defenses and discuss either practical or theoretical solutions to identify IoT vulnerabilities and IoT security mechanisms. 410 0$aSecurity and Cryptology ;$v12501 606 $aComputer security$vCongresses 615 0$aComputer security 676 $a005.8 702 $aKatsikas$b Sokratis K. 801 0$bMiAaPQ 801 1$bMiAaPQ 801 2$bMiAaPQ 906 $aBOOK 912 $a996418316903316 996 $aComputer & security$9878224 997 $aUNISA LEADER 03050nam0 22006013i 450 001 NAP0102057 005 20251003044244.0 020 $aIT$b1918 4413 090 $a542701 100 $a19941125d1918 ||||0itac50 ba 101 | $aita 102 $ait 181 1$6z01$ai $bxxxe 182 1$6z01$an 183 1$6z01$anc$2RDAcarrier 200 1 $aˆI ‰problemi dello Stato italiano dopo la guerra$fVittorio Scialoja senatore del Regno 210 $aBologna$cNicola Zanichelli$dstampa 1918 215 $aXXIII, 311 p.$d19 cm 225 | $aˆL'‰Italia nuova$v1-3$i. Ser. A$v1 300 $aIn copertina: L'Italia Nuova, serie A, n. 1-3. 410 0$1001CUB0086394$12001 $aˆL'‰Italia nuova$i. Ser. A$v1 606 $aPOLITICA INTERNA$xDopoguerra$xItalia$x1919$2FIR$3NAPC036204$9I 606 $aItalia$xPolitica$x1918$2FIR$3LO1C261684$9I 606 $aItalia$xEconomia$x1918$2FIR$3LO1C261685$9I 676 $a945.091$9STORIA D'ITALIA. 1918-1946$v19 676 $a945.091$9STORIA D'ITALIA. REGNO DI VITTORIO EMANUELE III, 1900-1946$v20 676 $a945.091$9STORIA. ITALIA. REGNO DI VITTORIO EMANUELE III, 1900-1946$v21 676 $a945.091$9STORIA. ITALIA. 1900-1946$v23 676 $a945.0914$9STORIA. ITALIA. PERIODO DEL PRIMO DOPOGUERRA E DELL'AVVENTO DEL FASCISMO, 1918-1922$v21 686 $a02.4$cPRIMA GUERRA MONDIALE 1914-1918$2R 686 $aIT/1420.0$cPOLITICA E CULTURA ITALIA 1918-1922$2R 686 $aIT/1430.0$cECONOMIA E SOCIETA ITALIA 1918-1922$2R 696 $aVita politica$aAttività politica$aAspetti politici 696 $aEconomia reale$aAttività economiche$aAspetti economici 699 $aPolitica$zVita politica 699 $aPolitica$zAttività politica 699 $aPolitica$zAspetti politici 699 $aEconomia$yEconomia reale 699 $aEconomia$zAttività economiche 699 $aEconomia$zAspetti economici 700 1$aScialoja$b, Vittorio$3RAVV066628$4070$075702 790 1$aScialoia$b, Vittorio$3RMGV093703$zScialoja, Vittorio 801 3$aIT$bIT-000000$c19941125 850 $aIT-BN0095 $aIT-NA0079 $aIT-NA0230 $aIT-AV0053 $aIT-NA0097 901 $bNAP SP$cIMPERIALI $nFondo Imperiali 901 $bNAP BN$cAOSTA $nFondo escluso dal servizio di prestito. La consegna dei documenti avviene presso l' Ufficio Distribuzione. Catalogazione completata 901 $bNAP MN$cG. CAPONE $n$ 901 $bNAP 01$cPOZZO LIB.$nVi sono collocati fondi di economia, periodici di ingegneria e scienze, periodici di economia e statistica e altri fondi comprendenti documenti di economia pervenuti in dono. 912 $aNAP0102057 950 0$aBiblioteca Centralizzata di Ateneo$c1 v.$d 01POZZO LIB.STORICA 32$e 0101 0000158345E VMA 1 v. (Precedente collocazione STORICA A 10)$fB $h20091222$i20091222 977 $a 01$a BN$a IR$a MN$a SP 996 $aProblemi dello Stato italiano dopo la guerra$965521 997 $aUNISANNIO